| 000 | 01581cam a2200385 a 4500 | ||
|---|---|---|---|
| 001 | 3541161 | ||
| 003 | NUST-PNEC | ||
| 005 | 20170116180703.0 | ||
| 008 | 970107s1997 enka bi 000 0 eng | ||
| 010 | _a 97001036 | ||
| 020 | _a0471975249 | ||
| 020 | _a047197546X | ||
| 020 | _a047197546X (pbk.) | ||
| 035 | _a(DLC) 97001036 | ||
| 040 |
_aDLC _cPNEC |
||
| 041 | 1 |
_aeng _hfre |
|
| 050 | 0 | 0 |
_aTA654 _b.G4503 1997 |
| 082 | 0 | 0 | _a624.176 GER |
| 100 | 1 |
_aGéradin, Michel, _d1945- |
|
| 240 | 1 | 0 |
_aThéorie des vibrations. _lEnglish |
| 245 | 1 | 0 |
_aMechanical vibrations : _btheory and application to structural dynamics / _cM. Géradin, D. Rixen. |
| 250 | _a2nd ed. | ||
| 260 |
_aChichester ; _aNew York : _bJohn Wiley, _cc1997. |
||
| 300 |
_axviii, 425 p. : _bill. ; _c25 cm. |
||
| 500 | _aTranslation of: Théorie des vibrations. http://www.amazon.com/Mechanical-Vibrations-Applications-Structural-Dynamics/dp/047197546X/ref=sr_1_1?ie=UTF8&qid=1410601956&sr=8-1&keywords=047197546X | ||
| 504 | _aIncludes bibliographical references and index. | ||
| 648 | _xME | ||
| 650 | 0 | _aStructural dynamics. | |
| 700 | 1 | _aRixen, Daniel. | |
| 856 | 4 | 2 |
_3Publisher description _uhttp://www.loc.gov/catdir/description/wiley036/97001036.html |
| 856 | 4 | 1 |
_3Table of contents _uhttp://www.loc.gov/catdir/toc/wiley022/97001036.html |
| 906 |
_a7 _bcbc _corignew _d1 _eocip _f19 _gy-gencatlg |
||
| 942 |
_2ddc _cBK |
||
| 999 |
_c60637 _d60637 |
||